[Event "Unterfranken-ch M1 56th"]
[Site "Stetten"]
[Date "2005.03.28"]
[Round "1"]
[White "Hock, Gerold"]
[Black "Sternheimer, Erhard"]
[Result "1/2-1/2"]
[WhiteElo "1998"]
[BlackElo "2116"]
[PlyCount "112"]
[EventDate "2005.03.28"]
[EventType "swiss"]
[EventRounds "9"]
[EventCountry "GER"]
[SourceTitle "EXT 2015"]
[Source "ChessBase"]
[SourceDate "2014.11.20"]
[SourceVersion "1"]
[SourceVersionDate "2014.11.20"]
[SourceQuality "1"]

1. d4 d5 2. c4 dxc4 3. Nf3 Nf6 4. e3 e6 5. Bxc4 c5 6. 0-0 a6 7. dxc5 Bxc5 8. Qxd8+ Kxd8 9. Rd1+ Ke7 10. a3 b5 11. Be2 Nbd7 12. b4 Bd6 13. Bb2 Bb7 14. Nc3 Rhd8 15. Nd4 Rac8 16. Rac1 Nb6 17. Nb3 Nc4 18. Bxc4 Rxc4 19. Na5 Rc7 20. Nxb7 Rxb7 21. Ne2 Rc7 22. f3 Rdc8 23. Nd4 Nd5 24. Kf2 Nb6 25. Rxc7+ Rxc7 26. h3 Nc4 27. Bc1 g6 28. Ke2 Be5 29. Nb3 Nb2 30. Rd2 Na4 31. f4 Bg7 32. Rd3 f5 33. g4 Rc4 34. Kd2 Bc3+ 35. Kd1 Bb2 36. Kd2 Bc3+ 37. Kd1 Bb2 38. Kd2 Bxc1+ 39. Nxc1 Nb6 40. Ne2 Rc6 41. Nd4 Nc4+ 42. Ke2 Rc8 43. Nb3 Nd6 44. Nc5 a5 45. Kf3 axb4 46. axb4 Ra8 47. e4 fxe4+ 48. Nxe4 Nxe4 49. Kxe4 Ra4 50. Rd4 Ra1 51. Ke5 Rh1 52. Rd3 Rb1 53. Rd4 Rb3 54. h4 Re3+ 55. Re4 Rd3 56. Rd4 Re3+ 1/2-1/2

[Event "Rhein Main op 07th"]
[Site "Bad Homburg"]
[Date "2004.06.12"]
[Round "5.10"]
[White "Roeschlau, Bernd"]
[Black "Hock, Gerold"]
[Result "0-1"]
[WhiteElo "2206"]
[BlackElo "1977"]
[PlyCount "86"]
[EventDate "2004.06.09"]
[EventType "swiss"]
[EventRounds "7"]
[EventCountry "GER"]
[SourceTitle "CBM 100 Extra"]
[Source "ChessBase"]
[SourceDate "2004.07.06"]
[SourceVersion "2"]
[SourceVersionDate "2004.07.06"]
[SourceQuality "1"]

1. e4 d6 2. d4 Nf6 3. Nc3 g6 4. Be3 Bg7 5. Qd2 c6 6. Bh6 0-0 7. Bxg7 Kxg7 8. h4 h5 9. Nf3 b5 10. Bd3 Ng4 11. 0-0-0 b4 12. Na4 Qa5 13. b3 Nd7 14. Kb1 Ba6 15. Ng5 Bxd3 16. cxd3 Qb5 17. f3 Nh6 18. g4 hxg4 19. h5 Rh8 20. hxg6 Kxg6 21. f4 Rag8 22. f5+ Kg7 23. Qf4 Nf6 24. Rd2 a5 25. Nb2 Nxf5 26. Rxh8 Rxh8 27. e5 Rh1+ 28. Nd1 Nxd4 29. exf6+ exf6 30. Ne4 Qf5 31. Qxd6 Nf3 32. Kc2 Nxd2 33. Ng3 Qe5 34. Qxe5 fxe5 35. Nxh1 Nf1 36. d4 e4 37. Nhf2 f5 38. Nb2 e3 39. Nfd3 e2 40. Ne1 f4 41. Nbd3 f3 42. Kc1 Kf6 43. Nf2 Kf5 0-1

[Event "Unterfranken-ch M1 55th"]
[Site "Bad Koenigshofen"]
[Date "2004.04.17"]
[Round "9"]
[White "Hock, Gerold"]
[Black "Neubauer, Jaroslaus"]
[Result "0-1"]
[WhiteElo "1930"]
[BlackElo "1921"]
[PlyCount "118"]
[EventDate "2004.04.12"]
[EventType "swiss"]
[EventRounds "9"]
[EventCountry "GER"]
[SourceTitle "EXT 2015"]
[Source "ChessBase"]
[SourceDate "2014.11.20"]
[SourceVersion "1"]
[SourceVersionDate "2014.11.20"]
[SourceQuality "1"]

1. d4 d5 2. c4 c6 3. cxd5 cxd5 4. Nc3 Nf6 5. Bf4 e6 6. e3 Nc6 7. Nf3 Bd6 8. Bd3 a6 9. 0-0 0-0 10. Rc1 Re8 11. Bxd6 Qxd6 12. e4 dxe4 13. Nxe4 Nxe4 14. Bxe4 Bd7 15. Rc3 g6 16. Ne5 Red8 17. Qf3 Nxe5 18. dxe5 Qxe5 19. Bxb7 Ra7 20. Rd1 Rb8 21. Re3 Qxb2 22. Rb3 Qe5 23. Bc6 Rxb3 24. axb3 a5 25. h3 Bxc6 26. Qxc6 Rc7 27. Qb6 Qc5 28. Qxc5 Rxc5 29. Rd8+ Kg7 30. Rb8 Kf6 31. Rb7 h5 32. Kh2 Rf5 33. Kg1 Rd5 34. b4 Rd1+ 35. Kh2 Rb1 36. b5 Rb2 37. f4 h4 38. b6 Rb4 39. Ra7 Rxb6 40. Rxa5 Rb4 41. Ra3 Rxf4 42. Re3 e5 43. Re2 Ke6 44. Re1 Rd4 45. Re3 f5 46. Kg1 Rd2 47. Kf1 e4 48. Kg1 Rd3 49. Re2 Ke5 50. Kf2 Kf4 51. Kf1 Re3 52. Re1 Rd3 53. Kg1 g5 54. Kf1 Rd4 55. Kg1 Rd3 56. Kf1 Ra3 57. Kg1 Kg3 58. Rf1 e3 59. Re1 Rd3 0-1